US Cities with 50,000+ Population - Statistics

General Stats
  • This quiz has been taken 312 times
  • The average score is 325 of 780
Answer Stats
City State Population % Correct
Los Angeles California 3,979,576
96%
New York New York 8,336,817
96%
Chicago Illinois 2,693,976
94%
Dallas Texas 1,343,573
94%
Phoenix Arizona 1,680,992
94%
Sandy Utah 96,380
94%
Houston Texas 2,320,268
93%
Philadelphia Pennsylvania 1,584,064
93%
San Diego California 1,423,851
93%
San Francisco California 881,549
93%
Jackson Mississippi 160,628
92%
Jackson Tennessee 67,191
92%
Portland Oregon 654,741
92%
Portland Maine 66,215
92%
San Antonio Texas 1,547,253
92%
Seattle Washington 753,675
92%
Washington District of Columbia 705,749
92%
Austin Texas 978,908
91%
Denver Colorado 727,211
91%
Las Vegas Nevada 651,319
91%
San Jose California 1,021,795
91%
Atlanta Georgia 506,811
90%
Boston Massachusetts 692,600
90%
Charlotte North Carolina 885,708
90%
Detroit Michigan 670,031
90%
Indianapolis Indiana 876,384
90%
Kansas City Missouri 495,327
90%
Kansas City Kansas 152,960
90%
Miami Florida 467,963
90%
Pittsburg California 72,588
90%
Columbus Ohio 898,553
89%
Columbus Georgia 195,769
89%
Jacksonville Florida 911,507
89%
Jacksonville North Carolina 72,436
89%
Sacramento California 513,624
89%
Albuquerque New Mexico 560,513
88%
Baltimore Maryland 593,490
88%
Honolulu Hawaii 345,064
88%
Memphis Tennessee 651,073
88%
Milwaukee Wisconsin 590,157
88%
Minneapolis Minnesota 429,606
88%
New Orleans Louisiana 390,144
88%
Oklahoma City Oklahoma 655,057
88%
Buffalo New York 255,284
87%
Cleveland Ohio 381,009
87%
El Paso Texas 681,728
87%
Fort Worth Texas 909,585
87%
Louisville Kentucky 617,638
87%
Tampa Florida 399,700
87%
St. Louis Missouri 300,576
86%
Cincinnati Ohio 303,940
85%
Virginia Beach Virginia 449,974
85%
Colorado Springs Colorado 478,221
84%
Tucson Arizona 548,073
84%
Fresno California 531,576
83%
Nashville-Davidson Tennessee 670,820
83%
Omaha Nebraska 478,192
83%
Raleigh North Carolina 474,069
83%
Springfield Missouri 167,882
83%
Springfield Massachusetts 153,606
83%
Springfield Illinois 114,230
83%
Springfield Oregon 63,230
83%
Springfield Ohio 58,877
83%
St. Paul Minnesota 308,096
83%
Anchorage Alaska 288,000
82%
Baton Rouge Louisiana 220,236
82%
Lincoln Nebraska 289,102
82%
Newark New Jersey 282,011
82%
Newark Ohio 50,315
82%
Tulsa Oklahoma 401,190
82%
Albany New York 96,460
81%
Albany Georgia 72,130
81%
Albany Oregon 55,338
81%
Lexington-Fayette Kentucky 323,152
81%
Richmond Virginia 230,436
81%
Richmond California 110,567
81%
Birmingham Alabama 209,403
80%
Madison Wisconsin 259,680
80%
Madison Alabama 51,593
80%
Orlando Florida 287,442
80%
Reno Nevada 255,601
80%
Rochester New York 205,695
80%
Rochester Minnesota 118,935
80%
Augusta-Richmond Georgia 197,888
79%
Bakersfield California 384,145
79%
Oakland California 433,031
79%
Salt Lake City Utah 200,567
79%
Wichita Kansas 389,938
79%
Winston-Salem North Carolina 247,945
79%
Dayton Ohio 140,407
78%
Des Moines Iowa 214,237
77%
Salem Oregon 174,365
77%
Anaheim California 350,365
76%
Arlington Texas 398,854
76%
Jersey City New Jersey 262,075
76%
Tallahassee Florida 194,500
76%
Charleston South Carolina 137,566
75%
Hartford Connecticut 122,105
75%
Long Beach California 462,628
75%
Mesa Arizona 518,012
75%
Montgomery Alabama 198,525
75%
Providence Rhode Island 179,883
75%
Aurora Colorado 379,289
74%
Aurora Illinois 197,757
74%
Boise City Idaho 228,959
74%
Little Rock Arkansas 197,312
74%
Spokane Washington 222,081
74%
St. Peters Missouri 58,212
74%
Toledo Ohio 272,779
74%
Columbia South Carolina 131,674
73%
Columbia Missouri 123,195
73%
Corpus Christi Texas 326,586
73%
Santa Fe New Mexico 84,683
73%
Amarillo Texas 199,371
72%
Durham North Carolina 278,993
72%
Fort Lauderdale Florida 182,437
72%
Knoxville Tennessee 187,603
72%
Savannah Georgia 144,464
72%
Allen Texas 105,623
71%
Henderson Nevada 320,189
71%
Lubbock Texas 258,862
71%
Riverside California 331,360
71%
San Bernardino California 215,784
71%
Santa Ana California 332,318
71%
Sioux Falls South Dakota 183,793
71%
Fort Wayne Indiana 270,402
70%
St. Petersburg Florida 265,351
70%
Carson California 91,394
69%
Norfolk Virginia 242,742
69%
Syracuse New York 142,327
69%
Chattanooga Tennessee 182,799
68%
Eugene Oregon 172,622
68%
Mobile Alabama 188,720
68%
North Las Vegas Nevada 251,974
68%
Stockton California 312,697
68%
Tacoma Washington 217,827
68%
Topeka Kansas 125,310
68%
Worcester Massachusetts 185,428
68%
Akron Ohio 197,597
67%
Brownsville Texas 182,781
67%
Grand Rapids Michigan 201,013
67%
Greensboro North Carolina 296,710
67%
Pittsburgh Pennsylvania 300,286
67%
Santa Barbara California 91,364
67%
Trenton New Jersey 83,203
67%
Wichita Falls Texas 104,683
67%
Allentown Pennsylvania 121,442
66%
Ann Arbor Michigan 119,980
66%
Fargo North Dakota 124,662
66%
Glendale Arizona 252,381
66%
Glendale California 199,303
66%
Irvine California 287,401
66%
Plano Texas 287,677
66%
Wilmington North Carolina 123,744
66%
Wilmington Delaware 70,166
66%
Yonkers New York 200,370
66%
Boulder Colorado 105,673
65%
Lafayette Louisiana 126,185
65%
Lafayette Indiana 71,721
65%
New Haven Connecticut 130,250
65%
Athens-Clarke County Georgia 126,913
64%
Bridgeport Connecticut 144,399
64%
Lansing Michigan 118,210
64%
McAllen Texas 143,268
64%
Provo Utah 116,618
64%
Scottsdale Arizona 258,069
64%
Shreveport Louisiana 187,112
64%
Billings Montana 109,577
63%
Fayetteville North Carolina 211,657
63%
Fayetteville Arkansas 87,590
63%
Green Bay Wisconsin 104,578
63%
Huntsville Alabama 200,574
63%
Lancaster California 157,601
63%
Lancaster Pennsylvania 59,265
63%
Laredo Texas 262,491
63%
Modesto California 215,196
63%
Santa Clara California 130,365
63%
Vancouver Washington 184,463
63%
Concord California 129,295
62%
Concord North Carolina 96,341
62%
Gary Indiana 74,879
62%
Huntington Beach California 199,223
62%
Irving Texas 239,798
62%
Bismarck North Dakota 73,529
61%
Chandler Arizona 261,165
61%
Cheyenne Wyoming 64,235
61%
Fort Collins Colorado 170,243
61%
Manchester New Hampshire 112,673
61%
Newport News Virginia 179,225
61%
Pasadena Texas 151,227
61%
Pasadena California 141,029
61%
Peoria Arizona 175,961
61%
Peoria Illinois 110,417
61%
Tempe Arizona 195,805
61%
Waco Texas 139,236
61%
Alexandria Virginia 159,428
60%
Cambridge Massachusetts 118,927
60%
Cedar Rapids Iowa 133,562
60%
Chula Vista California 274,492
60%
Daytona Beach Florida 69,186
60%
Duluth Minnesota 85,618
60%
Erie Pennsylvania 95,508
60%
Flagstaff Arizona 75,038
60%
Macon-Bibb County Georgia 153,159
60%
Port St. Lucie Florida 201,846
60%
Santa Clarita California 212,979
60%
Fremont California 241,110
59%
Berkeley California 121,363
58%
Evansville Indiana 117,979
58%
Gilbert Arizona 254,114
58%
Hollywood Florida 154,817
58%
Lakewood Colorado 157,935
58%
Lakewood California 79,307
58%
Lakewood Washington 61,037
58%
Olympia Washington 52,882
58%
Orange California 138,669
58%
Santa Monica California 90,401
58%
Santa Rosa California 176,753
58%
St. George Utah 89,587
58%
Yuma Arizona 98,285
58%
Bloomington Indiana 85,755
57%
Bloomington Minnesota 84,943
57%
Bloomington Illinois 77,330
57%
Carson City Nevada 55,916
57%
Chesapeake Virginia 244,835
57%
Greenville North Carolina 93,400
57%
Greenville South Carolina 70,635
57%
Odessa Texas 123,334
57%
Sioux City Iowa 82,651
57%
Davenport Iowa 101,590
56%
Hialeah Florida 233,339
56%
Las Cruces New Mexico 103,432
56%
Midland Texas 146,038
56%
Ogden Utah 87,773
56%
Oxnard California 208,881
56%
Rockford Illinois 145,609
56%
Stamford Connecticut 129,638
56%
Clarksville Tennessee 158,146
55%
Elizabeth New Jersey 129,216
55%
Frisco Texas 200,490
55%
Gainesville Florida 133,997
55%
Garland Texas 239,928
55%
Naperville Illinois 148,449
55%
Norman Oklahoma 124,880
55%
Paterson New Jersey 145,233
55%
Scranton Pennsylvania 76,653
55%
Cape Coral Florida 194,495
54%
Burlington North Carolina 54,606
53%
Iowa City Iowa 75,130
53%
Oceanside California 175,742
53%
Ontario California 185,010
53%
Overland Park Kansas 195,494
53%
West Palm Beach Florida 111,955
53%
Bellevue Washington 148,164
52%
Bellevue Nebraska 53,544
52%
Bend Oregon 100,421
52%
Flint Michigan 95,538
52%
McKinney Texas 199,177
52%
Miami Beach Florida 88,885
52%
Pueblo Colorado 112,361
52%
Roanoke Virginia 99,143
52%
Cary North Carolina 170,282
51%
Denton Texas 141,541
51%
Kent Washington 132,319
51%
South Bend Indiana 102,026
51%
Abilene Texas 123,420
50%
Asheville North Carolina 92,870
50%
Fort Myers Florida 87,103
50%
Joliet Illinois 147,344
50%
Kenosha Wisconsin 99,944
50%
Moreno Valley California 213,055
50%
Santa Maria California 107,263
50%
Thousand Oaks California 126,813
50%
Tyler Texas 106,985
50%
Beaumont Texas 116,825
49%
Beaumont California 51,063
49%
Idaho Falls Idaho 62,888
49%
Salinas California 155,465
49%
Warren Michigan 133,943
49%
College Station Texas 117,911
48%
Pensacola Florida 52,975
48%
San Buenaventura (Ventura) California 109,106
48%
Tuscaloosa Alabama 101,129
48%
Boca Raton Florida 99,805
47%
Camden New Jersey 73,562
47%
Clearwater Florida 116,946
47%
Elk Grove California 174,775
47%
Everett Washington 111,475
47%
Grand Prairie Texas 194,543
47%
Murfreesboro Tennessee 146,900
47%
Olathe Kansas 140,545
47%
Rapid City South Dakota 77,503
47%
Reading Pennsylvania 88,375
47%
Roswell Georgia 94,763
47%
Santa Cruz California 64,608
47%
Youngstown Ohio 65,469
47%
Casper Wyoming 57,931
46%
Corona California 169,868
46%
Killeen Texas 151,666
46%
Portsmouth Virginia 94,398
46%
Rancho Cucamonga California 177,603
46%
Redding California 92,590
46%
Surprise Arizona 141,664
46%
Torrance California 143,592
46%
Broken Arrow Oklahoma 110,198
45%
Burbank California 102,511
45%
Canton Ohio 70,447
45%
Fort Smith Arkansas 87,891
45%
Galveston Texas 50,446
45%
Independence Missouri 116,672
45%
Lakeland Florida 112,136
45%
Missoula Montana 75,516
45%
Plymouth Minnesota 79,768
45%
Utica New York 59,750
45%
West Valley City Utah 135,248
45%
Compton California 95,605
44%
Fontana California 214,547
44%
Lowell Massachusetts 110,997
44%
Nampa Idaho 99,277
44%
Palmdale California 155,079
44%
Quincy Massachusetts 94,470
44%
Sarasota Florida 58,285
44%
Spokane Valley Washington 101,060
44%
West Jordan Utah 116,480
44%
Escondido California 151,625
43%
Melbourne Florida 83,029
43%
North Charleston South Carolina 115,382
43%
Pembroke Pines Florida 173,591
43%
San Mateo California 104,430
43%
Auburn Washington 81,464
42%
Auburn Alabama 66,259
42%
Chico California 103,301
42%
Dearborn Michigan 93,932
42%
Evanston Illinois 73,473
42%
Hampton Virginia 134,510
42%
Kalamazoo Michigan 76,200
42%
Mesquite Texas 140,937
42%
Napa California 78,130
42%
Palm Bay Florida 115,552
42%
Round Rock Texas 133,372
42%
San Marcos California 96,664
42%
San Marcos Texas 64,776
42%
Sugar Land Texas 118,488
42%
Victorville California 122,385
42%
Visalia California 134,605
42%
Carlsbad California 115,382
41%
Champaign Illinois 88,909
41%
Franklin Tennessee 83,097
41%
Fullerton California 138,632
41%
Hayward California 159,203
41%
Lawrence Kansas 98,193
41%
Lawrence Massachusetts 80,028
41%
Pomona California 151,691
41%
Rio Rancho New Mexico 99,178
41%
Thornton Colorado 141,464
41%
Waterbury Connecticut 107,568
41%
Appleton Wisconsin 74,098
40%
Bristol Connecticut 59,947
40%
Coral Springs Florida 133,759
40%
Decatur Illinois 70,746
40%
Decatur Alabama 54,445
40%
Grand Junction Colorado 63,597
40%
Gulfport Mississippi 71,705
40%
Inglewood California 108,151
40%
Medford Oregon 83,072
40%
Medford Massachusetts 57,341
40%
Miramar Florida 141,191
40%
Norwalk California 103,949
40%
Norwalk Connecticut 88,816
40%
Racine Wisconsin 76,760
40%
Simi Valley California 125,613
40%
Sterling Heights Michigan 132,438
40%
Sunnyvale California 152,703
40%
Vallejo California 121,692
40%
Westminster Colorado 113,166
40%
Westminster California 90,643
40%
Yakima Washington 93,637
40%
Bethlehem Pennsylvania 75,815
39%
Bowling Green Kentucky 70,543
39%
Carmel Indiana 101,068
39%
Elgin Illinois 110,849
39%
Fairfield California 117,133
39%
Garden Grove California 171,644
39%
High Point North Carolina 112,791
39%
Hillsboro Oregon 109,128
39%
Lake Charles Louisiana 78,396
39%
Lynn Massachusetts 94,299
39%
Meridian Idaho 114,161
39%
Miami Gardens Florida 110,001
39%
Nashua New Hampshire 89,355
39%
Richardson Texas 121,323
39%
Roseville California 141,500
39%
Troy Michigan 84,092
39%
Bellingham Washington 92,314
38%
Edinburg Texas 101,170
38%
Sparks Nevada 105,006
38%
Beaverton Oregon 99,037
37%
Carrollton Texas 139,248
37%
Daly City California 106,280
37%
Eau Claire Wisconsin 68,802
37%
Frederick Maryland 72,244
37%
Goodyear Arizona 86,840
37%
Hamilton Ohio 62,082
37%
Logan Utah 51,542
37%
Orem Utah 97,828
37%
Pompano Beach Florida 112,118
37%
Ames Iowa 66,258
36%
Chino California 94,371
36%
Coeur d'Alene Idaho 52,414
36%
Davie Florida 106,306
36%
Davis California 69,413
36%
Georgetown Texas 79,604
36%
Great Falls Montana 58,434
36%
Greeley Colorado 108,649
36%
Jonesboro Arkansas 78,394
36%
Manhattan Kansas 54,604
36%
San Angelo Texas 101,004
36%
Suffolk Virginia 92,108
36%
Victoria Texas 66,916
36%
Arvada Colorado 121,272
35%
Brockton Massachusetts 95,708
35%
Gresham Oregon 109,381
35%
New Bedford Massachusetts 95,363
35%
Ocala Florida 60,786
35%
Oshkosh Wisconsin 67,004
35%
Pawtucket Rhode Island 72,117
35%
Warwick Rhode Island 81,004
35%
Centennial Colorado 110,937
34%
Clovis California 114,584
34%
El Cajon California 102,708
34%
Federal Way Washington 96,289
34%
Johnson City Tennessee 66,906
34%
Lynchburg Virginia 82,168
34%
Mount Pleasant South Carolina 91,684
34%
Muncie Indiana 67,999
34%
Newton Massachusetts 88,414
34%
Pearland Texas 122,460
34%
Renton Washington 101,751
34%
Sandy Springs Georgia 109,452
34%
Twin Falls Idaho 50,197
34%
Waukesha Wisconsin 72,299
34%
Danbury Connecticut 84,694
33%
Lewisville Texas 109,212
33%
Mission Texas 84,331
33%
Palo Alto California 65,364
33%
Pocatello Idaho 56,637
33%
Schenectady New York 65,273
33%
St. Cloud Minnesota 68,462
33%
St. Cloud Florida 54,579
33%
Union City California 74,107
33%
Union City New Jersey 67,982
33%
Waukegan Illinois 86,075
33%
White Plains New York 58,109
33%
Antioch California 111,502
32%
Bentonville Arkansas 54,909
32%
Fall River Massachusetts 89,541
32%
Hoover Alabama 85,768
32%
Lawton Oklahoma 93,025
32%
Temecula California 114,761
32%
Terre Haute Indiana 60,622
32%
Anderson Indiana 54,765
31%
Kissimmee Florida 72,717
31%
Merced California 83,676
31%
Murrieta California 116,223
31%
Newport Beach California 84,534
31%
New Rochelle New York 78,557
31%
Somerville Massachusetts 81,360
31%
Waterloo Iowa 67,328
31%
Arlington Heights Illinois 74,760
30%
Downey California 111,126
30%
Dublin California 64,826
30%
Grand Forks North Dakota 55,839
30%
Lake Havasu City Arizona 55,865
30%
League City Texas 107,536
30%
Marietta Georgia 60,867
30%
Mount Vernon New York 67,345
30%
New Braunfels Texas 90,209
30%
Rialto California 103,526
30%
St. Joseph Missouri 74,875
30%
Sunrise Florida 95,166
30%
West Covina California 105,101
30%
Battle Creek Michigan 51,093
29%
Cranston Rhode Island 81,456
29%
Dubuque Iowa 57,882
29%
Edmond Oklahoma 94,054
29%
El Monte California 115,487
29%
Joplin Missouri 50,925
29%
Kennewick Washington 84,347
29%
Lee's Summit Missouri 99,357
29%
Livonia Michigan 93,665
29%
Mission Viejo California 94,381
29%
Owensboro Kentucky 60,131
29%
St. Charles Missouri 71,028
29%
Taylor Michigan 60,922
29%
Vacaville California 100,670
29%
Apple Valley California 73,453
28%
Apple Valley Minnesota 55,135
28%
Avondale Arizona 87,931
28%
Brooklyn Park Minnesota 80,389
28%
Buckeye Arizona 79,620
28%
Cicero Illinois 80,796
28%
Corvallis Oregon 58,856
28%
Fishers Indiana 95,310
28%
Hoboken New Jersey 52,677
28%
Jupiter Florida 65,791
28%
La Crosse Wisconsin 51,227
28%
Parma Ohio 78,103
28%
Texas City Texas 50,094
28%
Vista California 101,638
28%
Indio California 91,765
27%
Jurupa Valley California 109,527
27%
Longview Texas 81,631
27%
Moore Oklahoma 62,055
27%
Springdale Arkansas 81,125
27%
Alameda California 77,624
26%
Costa Mesa California 113,003
26%
Hammond Indiana 75,522
26%
Kokomo Indiana 58,020
26%
Loveland Colorado 78,877
26%
Redwood City California 85,925
26%
San Clemente California 64,558
26%
Temple Texas 78,439
26%
Valdosta Georgia 56,457
26%
West Des Moines Iowa 67,899
26%
Chapel Hill North Carolina 64,051
25%
Council Bluffs Iowa 62,166
25%
Deltona Florida 92,757
25%
Gastonia North Carolina 77,273
25%
Grand Island Nebraska 51,267
25%
Kirkland Washington 93,010
25%
Longmont Colorado 97,261
25%
New Britain Connecticut 72,495
25%
North Little Rock Arkansas 65,903
25%
O'Fallon Missouri 88,673
25%
Passaic New Jersey 69,703
25%
Rockville Maryland 68,079
25%
San Leandro California 88,815
25%
South Fulton Georgia 99,155
25%
Yuba City California 67,010
25%
Alpharetta Georgia 67,213
24%
Schaumburg Illinois 72,887
24%
Alhambra California 83,750
23%
Bryan Texas 86,276
23%
Clifton New Jersey 85,052
23%
Dothan Alabama 68,941
23%
Hesperia California 95,750
23%
Menifee California 94,756
23%
New Brunswick New Jersey 55,676
23%
Normal Illinois 54,469
23%
North Miami Florida 62,822
23%
Oak Park Illinois 52,381
23%
Redmond Washington 71,929
23%
Richland Washington 58,225
23%
South Jordan Utah 76,598
23%
Woodland California 60,548
23%
Bradenton Florida 59,439
22%
Des Plaines Illinois 58,899
22%
Framingham Massachusetts 74,416
22%
Harrisonburg Virginia 53,016
22%
Lehi Utah 69,724
22%
Maricopa Arizona 52,127
22%
Tracy California 94,740
22%
Weston Florida 71,166
22%
Conroe Texas 91,079
21%
Dearborn Heights Michigan 55,353
21%
Eden Prairie Minnesota 64,893
21%
Farmington Hills Michigan 80,612
21%
Hempstead New York 55,113
21%
Highland California 55,417
21%
Janesville Wisconsin 64,575
21%
Lorain Ohio 63,855
21%
Parker Colorado 57,706
21%
Rocky Mount North Carolina 53,922
21%
Vineland New Jersey 59,439
21%
Warner Robins Georgia 77,617
21%
Yorba Linda California 67,644
21%
Bayonne New Jersey 64,897
20%
Bossier City Louisiana 68,159
20%
Boynton Beach Florida 78,679
20%
Broomfield Colorado 70,465
20%
Chino Hills California 83,853
20%
East Orange New Jersey 64,367
20%
Grapevine Texas 55,281
20%
Largo Florida 84,948
20%
Layton Utah 78,014
20%
Lodi California 67,586
20%
Missouri City Texas 75,457
20%
Mountain View California 82,739
20%
Pasco Washington 75,432
20%
Plantation Florida 94,580
20%
Port Arthur Texas 54,280
20%
Rock Hill South Carolina 75,048
20%
San Rafael California 58,440
20%
Smyrna Georgia 56,666
20%
Smyrna Tennessee 51,586
20%
Stillwater Oklahoma 50,299
20%
Wyoming Michigan 75,667
20%
Elkhart Indiana 52,358
19%
Hawthorne California 86,068
19%
Hemet California 85,334
19%
Kingsport Tennessee 54,127
19%
Skokie Illinois 62,700
19%
South San Francisco California 67,789
19%
Upland California 77,140
19%
Whittier California 85,098
19%
Citrus Heights California 87,796
18%
Conway Arkansas 67,638
18%
Deerfield Beach Florida 81,066
18%
Delray Beach Florida 69,451
18%
Edina Minnesota 52,857
18%
Folsom California 81,328
18%
Gaithersburg Maryland 67,985
18%
Harlingen Texas 65,022
18%
Hendersonville Tennessee 58,113
18%
Homestead Florida 69,523
18%
Johns Creek Georgia 84,579
18%
Kenner Louisiana 66,340
18%
Livermore California 90,189
18%
Malden Massachusetts 60,470
18%
Mansfield Texas 72,419
18%
North Port Florida 70,724
18%
Pleasanton California 81,777
18%
San Ramon California 75,995
18%
Arcadia California 57,939
17%
Baytown Texas 77,192
17%
Bowie Maryland 58,643
17%
Caldwell Idaho 58,481
17%
Flower Mound Texas 79,135
17%
Greenwood Indiana 59,458
17%
Madera California 65,860
17%
Maple Grove Minnesota 72,622
17%
Meriden Connecticut 59,395
17%
Oak Lawn Illinois 55,022
17%
Palm Coast Florida 89,800
17%
Redondo Beach California 66,749
17%
Rochester Hills Michigan 74,516
17%
Rogers Arkansas 68,669
17%
Shawnee Kansas 65,807
17%
Southaven Mississippi 55,780
17%
Tulare California 65,496
17%
Waltham Massachusetts 62,495
17%
Woodbury Minnesota 72,828
17%
Brentwood California 64,474
16%
Castle Rock Colorado 68,484
16%
Cupertino California 59,276
16%
Elyria Ohio 53,757
16%
Novi Michigan 60,896
16%
Pharr Texas 79,112
16%
Redlands California 71,513
16%
Turlock California 73,631
16%
Tustin California 79,348
16%
Ankeny Iowa 67,355
15%
Apex North Carolina 59,300
15%
Blaine Minnesota 65,607
15%
Bolingbrook Illinois 74,545
15%
Buena Park California 81,788
15%
Doral Florida 65,741
15%
Eagan Minnesota 66,372
15%
Haverhill Massachusetts 64,014
15%
Lake Forest California 85,531
15%
Lakeville Minnesota 67,317
15%
La Mesa California 59,249
15%
Leesburg Virginia 53,727
15%
Manteca California 83,028
15%
Milford Connecticut 53,195
15%
Minnetonka Minnesota 54,064
15%
Palm Desert California 53,275
15%
Petaluma California 60,520
15%
Pontiac Michigan 59,438
15%
Revere Massachusetts 53,073
15%
Sanford Florida 61,448
15%
Taunton Massachusetts 57,464
15%
Baldwin Park California 75,251
14%
Coon Rapids Minnesota 62,998
14%
Marysville Washington 70,298
14%
Perris California 79,291
14%
Queen Creek Arizona 50,890
14%
Rocklin California 68,823
14%
Bellflower California 76,435
13%
Blue Springs Missouri 55,829
13%
Burnsville Minnesota 61,339
13%
Cathedral City California 55,007
13%
Encinitas California 62,709
13%
Hanford California 57,703
13%
Kettering Ohio 54,855
13%
Lenexa Kansas 55,625
13%
Noblesville Indiana 64,668
13%
Orland Park Illinois 57,857
13%
Pflugerville Texas 65,380
13%
Porterville California 59,599
13%
South Gate California 93,444
13%
Summerville South Carolina 52,549
13%
Walnut Creek California 70,166
13%
Wellington Florida 65,398
13%
West Allis Wisconsin 59,890
13%
Westland Michigan 81,511
13%
West New York New Jersey 52,723
13%
Camarillo California 69,888
12%
Cedar Park Texas 79,462
12%
Delano California 53,573
12%
Florissant Missouri 50,952
12%
Gilroy California 59,032
12%
Huntington Park California 57,509
12%
Midwest City Oklahoma 57,407
12%
Milpitas California 84,196
12%
Plainfield New Jersey 50,317
12%
Santee California 58,081
12%
Shoreline Washington 57,027
12%
Southfield Michigan 72,689
12%
Taylorsville Utah 59,805
12%
West Lafayette Indiana 50,996
12%
Aliso Viejo California 50,887
11%
Bonita Springs Florida 59,637
11%
Casa Grande Arizona 58,632
11%
Colton California 54,824
11%
Commerce City Colorado 60,336
11%
DeSoto Texas 52,988
11%
Diamond Bar California 55,720
11%
Gardena California 59,329
11%
Glendora California 51,544
11%
Monterey Park California 59,669
11%
Perth Amboy New Jersey 51,390
11%
Royal Oak Michigan 59,277
11%
Tinley Park Illinois 55,773
11%
West Haven Connecticut 54,620
11%
Apopka Florida 53,447
10%
Burien Washington 51,500
10%
Chicopee Massachusetts 55,126
10%
Collierville Tennessee 51,040
10%
Euless Texas 57,197
10%
Kentwood Michigan 51,898
10%
La Habra California 60,513
10%
Lake Elsinore California 69,283
10%
Lauderhill Florida 71,868
10%
National City California 61,394
10%
Palatine Illinois 67,482
10%
Rancho Cordova California 75,087
10%
Tigard Oregon 55,514
10%
West Sacramento California 53,519
10%
Bartlett Tennessee 59,440
9%
Berwyn Illinois 54,391
9%
Fountain Valley California 55,357
9%
Huntersville North Carolina 58,098
9%
Kannapolis North Carolina 50,841
9%
Lacey Washington 52,592
9%
Lynwood California 69,887
9%
Margate Florida 58,796
9%
Mishawaka Indiana 50,363
9%
North Richland Hills Texas 70,670
9%
Palm Beach Gardens Florida 57,704
9%
Paramount California 53,955
9%
Pinellas Park Florida 53,637
9%
Sammamish Washington 65,892
9%
Watsonville California 53,856
9%
Eastvale California 64,157
8%
Laguna Niguel California 66,385
8%
Placentia California 51,233
8%
Hoffman Estates Illinois 50,932
7%
Methuen Massachusetts 50,706
7%
Montebello California 61,954
7%
Novato California 55,516
7%
Peabody Massachusetts 53,070
7%
Rosemead California 54,058
7%
Rowlett Texas 67,339
7%
St. Clair Shores Michigan 58,984
7%
Weymouth Town Massachusetts 57,746
7%
Wheaton Illinois 52,745
7%
Brookhaven Georgia 55,554
6%
Coconut Creek Florida 61,248
6%
Herriman Utah 51,348
6%
Leander Texas 62,608
6%
Millcreek Utah 61,450
6%
Pico Rivera California 62,027
6%
Port Orange Florida 64,842
6%
Tamarac Florida 66,721
6%
Wylie Texas 53,067
6%
Yucaipa California 53,921
6%
Mount Prospect Illinois 53,719
5%
Stonecrest Georgia 54,903
2%
Little Elm Texas 53,126
1%
No matching quizzes found
Score Distribution
Percent of People with Each Score
Percentile by Number Answered
Your Score History
You have not taken this quiz